000 00235nam a2200097Ia 4500
001 709280
005 20250826162543.0
008 250824s9999 xx 000 0 und d
245 0 _aŞAKA GİBİ
_cGÜLDEM ŞAHAN
260 _bTUDEM YAYINLARI
999 _c709280
_d709280